| 000 | 00566nam a22001577a 4500 | ||
|---|---|---|---|
| 003 | macl | ||
| 005 | 20250626150851.0 | ||
| 008 | 250626b |||||||| |||| 00| 0 eng d | ||
| 040 | _cmacl | ||
| 082 | _a300 | ||
| 100 |
_a मोहनदास नैमिशराय _983195 |
||
| 245 | _aविरोधियों के चक्रव्यूह में डॉ अम्बेडकर | ||
| 260 |
_aदिल्ली _bनीलकंठ प्रकाशन _c2016 |
||
| 650 |
_aसमाजशास्त्र _933702 |
||
| 942 |
_2ddc _cHIN |
||
| 999 |
_c67975 _d67975 |
||